[Event "SVK-chT2 9596"]
[Site "Slovakia"]
[Date "1995.??.??"]
[Round "?"]
[White "Mikita, Jozef"]
[Black "Konopkova, Nina"]
[Result "1/2-1/2"]
[WhiteElo "2240"]
[BlackElo "2090"]
[PlyCount "46"]
[EventDate "1995.??.??"]
[EventType "team"]
[EventRounds "13"]
[EventCountry "SVK"]
[SourceTitle "EXT 1997"]
[Source "ChessBase"]
[SourceDate "1996.11.15"]
[SourceVersion "1"]
[SourceVersionDate "1996.11.15"]
[SourceQuality "1"]

1. d4 Nf6 2. c4 e6 3. Nc3 c5 4. d5 exd5 5. cxd5 d6 6. e4 g6 7. f4 Bg7 8. Bb5+ Bd7 9. e5 dxe5 10. fxe5 Nh5 11. Nf3 0-0 12. 0-0 Bg4 13. Re1 a6 14. Qa4 Bf5 15. Bg5 Qc7 16. Bf1 Nd7 17. d6 Qc6 18. Qh4 f6 19. Bc4+ Kh8 20. Bd5 Qb6 21. Bd2 Nxe5 22. Nxe5 fxe5 23. Bg5 Nf6 1/2-1/2

[Event "Olympiad Women-31"]
[Site "Moscow"]
[Date "1994.12.09"]
[Round "8"]
[White "Stewart, Tanya"]
[Black "Konopkova, Nina"]
[Result "1-0"]
[WhiteElo "2055"]
[BlackElo "2065"]
[PlyCount "65"]
[EventDate "1994.12.01"]
[EventType "team-swiss"]
[EventRounds "14"]
[EventCountry "RUS"]
[SourceTitle "EXT 2019"]
[Source "ChessBase"]
[SourceDate "2018.10.10"]
[SourceVersion "1"]
[SourceVersionDate "2018.10.10"]
[SourceQuality "1"]
[WhiteTeam "Denmark (W)"]
[BlackTeam "Slovakia (W)"]
[WhiteTeamCountry "DEN"]
[BlackTeamCountry "SVK"]

1. e4 c6 2. d4 d5 3. e5 Bf5 4. Nf3 e6 5. Be2 c5 6. 0-0 Nc6 7. c3 Qc7 8. a3 Nge7 9. Be3 h6 10. b4 c4 11. Nbd2 Nc8 12. Nh4 Bh7 13. g3 Be7 14. Ng2 0-0 15. Bh5 Bd3 16. Re1 Kh7 17. Nf4 g6 18. Bg4 Bf5 19. Bxf5 gxf5 20. Qh5 Bd8 21. Ng2 Rh8 22. Qxh6+ Kg8 23. Qf4 N8e7 24. Nh4 Ng6 25. Nxg6 fxg6 26. h4 Rh5 27. Nf3 Qh7 28. Kf1 Be7 29. Ke2 Nd8 30. Rg1 Nf7 31. g4 fxg4 32. Qxg4 g5 33. Rad1 1-0

[Event "SVK-chT"]
[Site "Slovakia"]
[Date "1994.??.??"]
[Round "?"]
[White "Konopkova, Nina"]
[Black "Huliakova, Margita"]
[Result "1-0"]
[WhiteElo "2065"]
[BlackElo "2030"]
[PlyCount "47"]
[EventDate "1994.??.??"]
[EventType "team"]
[EventRounds "13"]
[EventCountry "SVK"]
[SourceTitle "TD"]
[Source "ChessBase"]
[SourceDate "1994.03.01"]
[SourceVersion "1"]
[SourceVersionDate "1994.03.01"]
[SourceQuality "1"]

1. e4 c6 2. d4 d5 3. Nc3 e6 4. Nf3 Bb4 5. e5 Nd7 6. a3 Ba5 7. b4 Bc7 8. Bd3 f6 9. Nh4 Qe7 10. Qh5+ Kd8 11. Ng6 Qf7 12. Qh4 hxg6 13. Qxh8 fxe5 14. Bg5+ Ndf6 15. 0-0-0 e4 16. Be2 e5 17. Nxe4 exd4 18. Nxf6 Bf4+ 19. Bxf4 gxf6 20. Rxd4 a5 21. Rhd1 axb4 22. axb4 g5 23. Be3 Be6 24. Bg4 1-0

[Event "SVK-chT"]
[Site "Slovakia"]
[Date "1994.??.??"]
[Round "14"]
[White "Konopkova, Nina"]
[Black "Kralova, Klaudia"]
[Result "1/2-1/2"]
[WhiteElo "2065"]
[BlackElo "2040"]
[PlyCount "25"]
[EventDate "1994.??.??"]
[EventType "team"]
[EventRounds "13"]
[EventCountry "SVK"]
[SourceTitle "TD"]
[Source "ChessBase"]
[SourceDate "1994.03.01"]
[SourceVersion "1"]
[SourceVersionDate "1994.03.01"]
[SourceQuality "1"]

1. e4 d6 2. d4 Nf6 3. Nc3 g6 4. g3 Bg7 5. Bg2 0-0 6. Nge2 Nbd7 7. 0-0 c5 8. h3 a6 9. a4 Rb8 10. a5 b6 11. axb6 Qxb6 12. Na4 Qc7 13. dxc5 1/2-1/2